00488nam a2200169Ia 4500003000900000008004100009040001600050080001500066100001900081245010900100300000900209500001500218650001400233650002600247650002600273650001900299IN-BaIIA211028s9999 xx 000 0 eng d cIIA Library a92:52bBAB aBabcock, H. D. 0aNotes for an intellectual auto-biographycH. D. Babcock  a34p. aTyped copy abiography aBiography-H D Babcock aH D Babcock Biography aNASA Thesaurus